Anywhere : (Record no. 36815)

MARC details
000 -LEADER
fixed length control field 01297nam a22002777a 4500
005 - DATE AND TIME OF LATEST TRANSACTION
control field 20100706121620.0
008 - FIXED-LENGTH DATA ELEMENTS--GENERAL INFORMATION
fixed length control field 100706t xxu||||| |||| 00| 0 eng d
010 ## - LCCN (DPL NO)
LC control number ENG-96360
020 ## - INTERNATIONAL STANDARD BOOK NUMBER
International Standard Book Number 9780070703636
Terms of availability 595.00
020 ## - INTERNATIONAL STANDARD BOOK NUMBER
International Standard Book Number 00703639
Terms of availability 595.00
035 ## - SYSTEM CONTROL NUMBER
System control number EN-79893
037 ## - SOURCE OF ACQUISITION
Source of stock number/acquisition DBAD/PUB
040 ## - CATALOGING SOURCE
Original cataloging agency dpl
Language of cataloging Eng
082 ## - DEWEY DECIMAL CLASSIFICATION NUMBER
Classification number 658.054678
100 ## - MAIN ENTRY--PERSONAL NAME
Personal name Green, Emily Nagle.
245 ## - TITLE STATEMENT
Title Anywhere :
Remainder of title how global connectivity is revolutionizing the way we do business /
Statement of responsibility, etc by Emily Nagle Green.
260 ## - PUBLICATION, DISTRIBUTION, ETC. (IMPRINT)
Place of publication, distribution, etc New Delhi
Name of publisher, distributor, etc Tata McGraw Hill
Date of publication, distribution, etc 2010
270 ## - ADDRESS
Address 7, West Patel Nagar
City New Delhi
Postal code 110008
300 ## - PHYSICAL DESCRIPTION
Extent xvi, 281 p. :
Dimensions 24 cm.(Hb)
Other physical details ill., maps
500 ## - GENERAL NOTE
General note Includes bibliographical references and index.
505 ## - FORMATTED CONTENTS NOTE
Formatted contents note The anywhere revolution -- Going from somewhere to anywhere -- Anywhere : where and when? -- The emerging portability of experience -- Meet the anywhere consumer of the future -- Our anywhere appetites -- The anywhere consumer goes to work -- The enterpri
650 ## - SUBJECT ADDED ENTRY--TOPICAL TERM
Topical term or geographic name as entry element Globalization
General subdivision Economic aspects.
650 ## - SUBJECT ADDED ENTRY--TOPICAL TERM
Topical term or geographic name as entry element Telecommunication systems.
942 ## - ADDED ENTRY ELEMENTS (KOHA)
Source of classification or shelving scheme Dewey Decimal Classification
Item type English Books
Classification part 658.054678
Call number suffix GRE
Holdings
Withdrawn status Lost status Source of classification or shelving scheme Damaged status Not for loan Collection code Home library Current library Date acquired Source of acquisition Cost, normal purchase price Total Checkouts Full call number Barcode Date last seen Copy number Cost, replacement price Koha item type
    Dewey Decimal Classification   Not For Loan Non-fiction D.B.Act.Division D.B.Act.Division 06/07/2010 DBAD / PUB 595.00   658.054678 GRE EN-79893 06/07/2010 1 595.00 English Books

© Delhi Public Library
Hit Counter
free hit counter